| 000 | 005500000a22001570004500 | ||
|---|---|---|---|
| 003 | MACL | ||
| 005 | 20170929131657.0 | ||
| 008 | 170929b xxu||||| |||| 00| 0 eng d | ||
| 040 | _cmacl | ||
| 100 |
_aझा ,डाॅ .भीमकुमार _969282 |
||
| 245 | _aहोमियो -बायो लक्षण संग्रह एंव चिकित्सा सूत्र | ||
| 260 |
_bआभा पब्लिकेशन _c2011 |
||
| 350 | _a250 | ||
| 650 |
_aरोग उपचार _951788 |
||
| 942 |
_cHIN _k610/JHA _2ddc |
||
| 999 |
_c45386 _d45386 |
||